Propuesta de ejes temáticos para el encuentro nacional

Guardat en:
Dades bibliogràfiques
Format: Text
Publicat: s.l: s.e.
Etiquetes: Afegir etiqueta
Sense etiquetes, Sigues el primer a etiquetar aquest registre!

MARC

LEADER 00000 a a2200000 04500
001 23466
003
040
090 |a 163700  
245 |a Propuesta de ejes temáticos para el encuentro nacional  
260 |a s.l:   |b s.e.  
300 |a 4 p.  
999 |c 7673  |d 7673